Giải pháp nâng cao giá trị gia tăng chuỗi giá trị chôm chôm ở tỉnh Vĩnh Long : Luận văn tốt nghiệp Cao học. Chuyên ngành Kinh tế nông nghiệp

Nghiên cứu được thực hiện để đề xuất các giải pháp nâng cao giá trị gia tăng chuỗi giá trị chôm chôm ở tỉnh Vĩnh Long góp phần nâng cao hiệu quả sản xuất - tiêu thụ, thu nhập chuỗi, đặc biệt là tăng thu nhập người trồng chôm chôm, góp...

תיאור מלא

שמור ב:
מידע ביבליוגרפי
מחבר ראשי: Lê, Tú Cẩm
פורמט: ספר
שפה:Undetermined
יצא לאור: Cần Thơ Trường Đại học Cần Thơ 2017
נושאים:
תגים: הוספת תג
אין תגיות, היה/י הראשונ/ה לתייג את הרשומה!
Thư viện lưu trữ: Trung tâm Học liệu Trường Đại học Cần Thơ
LEADER 01329nam a2200229Ia 4500
001 CTU_221607
008 210402s9999 xx 000 0 und d
082 |a 338.5 
082 |b C120 
088 |a 60620115 
100 |a Lê, Tú Cẩm 
245 0 |a Giải pháp nâng cao giá trị gia tăng chuỗi giá trị chôm chôm ở tỉnh Vĩnh Long : 
245 0 |b Luận văn tốt nghiệp Cao học. Chuyên ngành Kinh tế nông nghiệp 
245 0 |c Lê Tú Cẩm ; Võ Thị Thanh Lộc (Cán bộ hướng dẫn) 
260 |a Cần Thơ 
260 |b Trường Đại học Cần Thơ 
260 |c 2017 
520 |a Nghiên cứu được thực hiện để đề xuất các giải pháp nâng cao giá trị gia tăng chuỗi giá trị chôm chôm ở tỉnh Vĩnh Long góp phần nâng cao hiệu quả sản xuất - tiêu thụ, thu nhập chuỗi, đặc biệt là tăng thu nhập người trồng chôm chôm, góp phần phát triển ổn định ngành hàng chôm chôm tỉnh Vĩnh Long. 
650 |a Production economics,Kinh tế sản xuất 
650 |x Management,Quản lý 
904 |i My,Hải 
980 |a Trung tâm Học liệu Trường Đại học Cần Thơ